| 000 | 00581nam a2200229Ia 4500 | ||
|---|---|---|---|
| 003 | 0100 | ||
| 008 | 130307s9999 xx 000 0 und d | ||
| 020 | _a0268034710 | ||
| 040 | _cARRUPELIB | ||
| 050 | _aBL265.P4B37 2003 | ||
| 100 | _aBarr, Stephen M | ||
| 245 | _aModern physics and ancient faith | ||
| 260 | _aNotre Dame | ||
| 260 | _bUniversity of Notre Dame Press | ||
| 260 | _cc2003. | ||
| 300 | _aix | ||
| 300 | _b312 p. : ill. 25 cm. | ||
| 650 | _aRELIGION | ||
| 650 | _bOntology--Early works | ||
| 650 | _cSubstance (Philosophy)--Early works | ||
| 942 | 0 | 0 | _04 |
| 999 |
_c94554 _d94554 |
||